000 00401nam a2200169Ia 4500
001 10055
005 20260306161803.0
008 260306t9999||||xx |||||||||||||| ||spa||
041 _aESP
082 _aCO 869.63
_bL62
100 _aLiévano Aguirre, Indalecio
_eAUT
245 0 _aRafael Nuñez
300 _a456 páginas :
_c17 cm.
650 _aGEN
654 _aCHU
942 _cLIB
_dJUS
_fJUS
_2ddc
_n
999 _c10055
_d10055